| 000 | 01537nam a2200373 c 4500 | ||
|---|---|---|---|
| 003 | BLK | ||
| 005 | 20250320115055.0 | ||
| 008 | 180410b bul|||||r ||||||| ||bul|| | ||
| 010 | _aKNG00173556000 | ||
| 020 |
_a978-954-409-349-5 _bиздат.: Плеяда |
||
| 040 | _aBLK | ||
| 041 |
_aBUL _cBUL |
||
| 072 | 7 |
_2bullib _aН83 _xЧужда художествена литература Н |
|
| 080 |
_aАмериканска литература (на САЩ) _b821.111(73) _x-312.4 _z821.111(73)-312.4 |
||
| 100 |
_aКинг, Стивън _9371799 |
||
| 700 |
_aЛазаровски, Адриан Николаев _d1976-2015 _gПреводач от руски и английски език _9368465 |
||
| 700 | 1 |
_aБакман, Ричард _e* _gКинг, Стивън _9372316 |
|
| 139 |
_aКинг, Стивън _bК 54 |
||
| 245 | 1 | 0 |
_aОгън _bРоман _cСтивън Кинг; прев. от англ. Адриан Николаев Лазаровски; * Ричард Бакман. |
| 257 | _aUSA | ||
| 260 |
_аСофия _bПлеяда _c2015 _fСофия : Симолини 94 |
||
| 300 |
_a328 с. _c20 см |
||
| 380 | _aX | ||
| 500 | _a1. изд. 2008. - Ориг. загл. Blaze / Stephen King. | ||
| 653 | _aтрилъри | ||
| 653 | _aромани | ||
| 659 | _aН | ||
| 852 | _aЦб 273496 | ||
| 856 | 4 |
_qpdf _u |
|
| 856 | 4 |
_qpdf _u |
|
| 942 |
_cKNG _n0 _020 |
||
| 944 |
_aCR _c30.03.2015 _lДиана Гривева _k30529 |
||
| 944 |
_aED _c14.11.2016 _lф / _kПенка_Димитрова |
||
| 999 |
_c165908 _d165908 |
||